000 00368 a2200169 4500
001 189089
020 _a85-260-0718-1
040 _cMagnum
100 _aRocha, Ruth
240 1 0 _aQuem tem medo do ridículo?
_lpor
245 1 0 _aQuem tem medo do ridículo?
300 _a24
362 0 _a2004
440 1 _aGlobal
697 _aLITERATURA INFANTIL
942 _cBK
999 _c189089
_d189089